000 00798nas a2200241 4500
001 BR8602679
003 BR-BrBNA
005 20231205090510.0
007 ta
008 230509b bl.|||p| |||| 00| 00por d
040 _aBR-BrBNA
_bpor
_cBiblioteca Nacional de Agricultura
041 _a(Pt)
072 _aH20
100 1 _aBittencourt, C.
100 1 _aCiudad, F.P.
245 1 _aResistencia a Pseudomonas solanacearum em especies silvestres de batata [Solanum tuberosum]
246 1 _aSources of resistance to Pseudomonas solanacearum in wild potato species
650 _aBATATA
650 _aMURCHA BACTERIANA
773 0 _tHorticultura Brasileira (Brazil)
_xISSN 0102-0536
_g(Nov 1985), v. 3(2) p. 37-38
_wBR8602679
909 _a202311
_bLúcia
_c55
_dLúcia Elande
942 _2AGRIS
_n0
_cANA
999 _c118855
_d118855